studiesJONSILLS: journal of new studies in languages and literary (Record no. 38658)

MARC details
000 -LEADER
fixed length control field 00506nam a2200169Ia 4500
022 ## - INTERNATIONAL STANDARD SERIAL NUMBER
ISSN 11194755
050 ## - CALL MARK
Classification number P 57 .N6 J67/
245 #0 - TITLE STATEMENT
Title studiesJONSILLS: journal of new studies in languages and literary
260 ## - PUBLICATION, DISTRIBUTION, ETC. (IMPRINT)
Place of publication Uturu, Abia State.
260 ## - PUBLICATION, DISTRIBUTION, ETC. (IMPRINT)
Name of publisher Development Universal Consortia
260 ## - PUBLICATION, DISTRIBUTION, ETC. (IMPRINT)
Year of publication 2009
300 ## - PHYSICAL DESCRIPTION
Number of Pages vii, 215p.; ill.; 24cm
650 ## - SUBJECT ADDED ENTRY--TOPICAL TERM
Topical Term Nigeria--Languages--Study and teaching--Periodicals.
942 ## - ADDED ENTRY ELEMENTS (KOHA)
Koha item type Serials

No items available.